Introduction to Business Ethics/ (Record no. 35809)
[ view plain ]
| 000 -LEADER | |
|---|---|
| fixed length control field | 00448nam a22001457a 4500 |
| 005 - DATE AND TIME OF LATEST TRANSACTION | |
| control field | 20240523125629.0 |
| 008 - FIXED-LENGTH DATA ELEMENTS--GENERAL INFORMATION | |
| fixed length control field | 240523b |||||||| |||| 00| 0 eng d |
| 082 ## - DEWEY DECIMAL CLASSIFICATION NUMBER | |
| Item number | AKR-I |
| 100 ## - MAIN ENTRY--AUTHOR | |
| Author Name | Dr.Mian Muhammad Akram |
| 245 ## - TITLE STATEMENT | |
| Title | Introduction to Business Ethics/ |
| Statement of responsibility, etc. | Dr.Mian Muhammad Akram |
| 260 ## - PUBLICATION, DISTRIBUTION, ETC. | |
| Place of Publication | Lahore; |
| Name of publisher, distributor, etc. | Ilmi Kitan Khana; |
| Date of publication, distribution, etc. | 2015 |
| 300 ## - PHYSICAL DESCRIPTION | |
| Pages | 123p.: |
| 650 ## - SUBJECT ADDED ENTRY--TOPICAL TERM | |
| Subject / Department | /Philosophy and Psychology/Business and Professional Ethics |
| 300 ## - PHYSICAL DESCRIPTION | |
| -- | 22.9 cm. |
No items available.
